00435nam a2200169 a 4500008004100000020001500041050001600056100002600072245002900098250001200127260003200139300002300171350000900194650001400203650002500217700002300242120416s1979 ||||||||||||||||| || u a007009991x aHF 5667 Car aCarmichael, Douglas R10aPerspectives in Auditing a3rd ed. aNew YorkbMcGraw-Hillc1979 aviii, 520p. : ill. a0.00 aTEXTBOOKS aAUDITING--CONGRESSES aWillingham, John J